[Event "Kieler Open 2019-A"]
[Site "Kiel"]
[Date "2019.07.27"]
[Round "1.25"]
[White "Bücker, Timo"]
[Black "Wanner, Lukas"]
[Result "0-1"]
[WhiteElo "1778"]
[BlackElo "2085"]
[Annotator "NB"]
[PlyCount "90"]
[EventDate "2019.??.??"]
[WhiteTeam "SC Schleispringer Kappeln"]
[BlackTeam "SK Doppelbauer Kiel"]

1. Nf3 g6 2. g3 Bg7 3. d4 b6 4. Bg2 Bb7 5. O-O c5 6. e3 Nf6 7. Nbd2 O-O 8. b3
d5 9. Bb2 Nbd7 10. c4 cxd4 11. exd4 Rc8 12. Rc1 Rc7 13. Re1 Re8 14. Rc2 Qa8 15.
Ne5 dxc4 16. Bxb7 Qxb7 17. Nexc4 h5 18. Qf3 Qxf3 19. Nxf3 b5 20. Ne3 Rxc2 21.
Nxc2 Nd5 22. Ne3 Nxe3 23. Rxe3 Nb6 24. Rc3 Rc8 25. Rxc8+ Nxc8 26. Ba3 Kf8 27.
Bc5 Ke8 28. Ne5 Bxe5 29. dxe5 Kd7 30. Kg2 Kc6 31. Be3 Nb6 32. f4 a5 33. Kf3 Nd5
34. Bd4 a4 35. Ke4 a3 36. f5 e6 37. fxg6 fxg6 38. h3 Nb4 39. Kf4 Kd5 40. Ba1
Nxa2 41. Kg5 Nc1 42. b4 Nb3 43. Bc3 Kc4 44. Kf6 Kxc3 45. Kxe6 a2 0-1

[Event "Kieler Open 2019-A"]
[Site "Kiel"]
[Date "2019.07.27"]
[Round "1.26"]
[White "Besenthal, Klaus-Günther"]
[Black "Rosenburg, Thies"]
[Result "0-1"]
[WhiteElo "2070"]
[BlackElo "1778"]
[Annotator "NB"]
[PlyCount "98"]
[EventDate "2019.??.??"]
[WhiteTeam "SC Schachelschweine"]
[BlackTeam "SF Burg von 1966"]

1. d4 Nf6 2. Bf4 d5 3. e3 Bf5 4. Bd3 Bg6 5. Bxg6 hxg6 6. Qd3 c6 7. Nf3 e6 8.
Nbd2 Be7 9. Qb3 Qb6 10. O-O Nbd7 11. Qd3 Rc8 12. c4 Qa6 13. Qb3 O-O 14. cxd5
cxd5 15. Rac1 b5 16. Ne5 Nxe5 17. Bxe5 Nd7 18. a3 Nb6 19. Bg3 Nc4 20. Nxc4 bxc4
21. Qc3 Qb7 22. f3 Rc6 23. Rfe1 Rb6 24. Rc2 Rb3 25. Qd2 Rd3 26. Qe2 Qb3 27. Rd2
Rc8 28. Bf4 g5 29. Be5 Rxd2 30. Qxd2 c3 31. bxc3 Rxc3 32. Re2 Bxa3 33. e4 f6
34. Bg3 Bc1 35. Qa2 Be3+ 36. Kf1 Rc1+ 37. Be1 Qxa2 38. Rxa2 Bxd4 39. Ke2 dxe4
40. fxe4 Bb6 41. Bf2 Rb1 42. h3 Kf7 43. Be1 Rb5 44. Bd2 Kg6 45. Bc3 Rb3 46. Kd3
Rb1 47. Kc4 Kh5 48. Rd2 Rc1 49. Kb3 Rxc3+ 0-1

[Event "Kieler Open 2019-A"]
[Site "Kiel"]
[Date "2019.07.27"]
[Round "1.27"]
[White "Schwerdt, Alwin Elias"]
[Black "Dittmann, Hans-Adolf"]
[Result "0-1"]
[WhiteElo "1756"]
[BlackElo "2068"]
[Annotator "NB"]
[PlyCount "78"]
[EventDate "2019.??.??"]
[WhiteTeam "SV Bad Schwartau"]
[BlackTeam "Preetzer TSV"]

1. e4 c5 2. Nc3 Nc6 3. Bc4 g6 4. f4 Bg7 5. Nf3 d6 6. O-O e6 7. d3 Nge7 8. Qe1
O-O 9. Qh4 d5 10. Bb3 Nd4 11. Nxd4 cxd4 12. Nb1 a5 13. a4 dxe4 14. dxe4 Nc6 15.
Qg3 Qc7 16. Na3 Nb4 17. Bd2 Bd7 18. Rac1 Rfd8 19. c3 dxc3 20. Bxc3 Qb6+ 21. Kh1
Bxc3 22. Rxc3 Bc6 23. Re1 Rd4 24. f5 exf5 25. exf5 Rd2 26. Nc4 Rxg2 27. Nxb6
Rxg3+ 28. Rxc6 Rxb3 29. Rc7 Rd8 30. f6 h5 31. Nc4 Nd5 32. Nxa5 Rxb2 33. Rd1 Re8
34. Rxb7 Rf2 35. Ra1 Ree2 36. Nc6 Rxh2+ 37. Kg1 Reg2+ 38. Kf1 Ne3+ 39. Ke1 Rh1#
0-1

[Event "Kieler Open 2019-A"]
[Site "Kiel"]
[Date "2019.07.27"]
[Round "1.28"]
[White "Rieper, Julian"]
[Black "Rohmann, Volker"]
[Result "1-0"]
[WhiteElo "2062"]
[BlackElo "1752"]
[Annotator "HJH"]
[PlyCount "85"]
[EventDate "2019.??.??"]
[WhiteTeam "SK Doppelbauer Kiel"]
[BlackTeam "SVG Friedrichsort"]

1. e4 e5 2. Nf3 Nc6 3. Bb5 a6 4. Ba4 Nf6 5. O-O b5 6. Bb3 Be7 7. Re1 d6 8. c3
O-O 9. d4 Bg4 10. Be3 exd4 11. cxd4 Na5 12. Bc2 Nc4 13. Bc1 c5 14. b3 Nb6 15.
Nbd2 Qc7 16. d5 Nfd7 17. h3 Bxf3 18. Qxf3 Bf6 19. Rb1 Ne5 20. Qg3 Qe7 21. Bb2
Nbd7 22. Re2 Bh4 23. Qe3 Bf6 24. f4 Ng6 25. Bxf6 Qxf6 26. g3 Rfe8 27. Nf3 Rac8
28. h4 Qd8 29. h5 Ne7 30. e5 dxe5 31. fxe5 Nf8 32. d6 Nd5 33. Qd2 Nb4 34. Bf5
Re6 35. Ng5 Nc6 36. Bxe6 Nxe6 37. Nxe6 fxe6 38. Rf1 Nd4 39. Ref2 Nf5 40. g4 Ng3
41. Rf8+ Qxf8 42. Rxf8+ Rxf8 43. d7 1-0

[Event "Kieler Open 2019-A"]
[Site "Kiel"]
[Date "2019.07.27"]
[Round "1.31"]
[White "Ortner, Jonas Ruben"]
[Black "Kröncke, Manfred"]
[Result "0-1"]
[WhiteElo "1740"]
[BlackElo "2047"]
[Annotator "HJH"]
[PlyCount "116"]
[EventDate "2019.??.??"]
[WhiteTeam "SK Bebenhausen"]
[BlackTeam "SG Glückstadt von 1920"]

1. e4 c5 2. Nf3 e6 3. d4 cxd4 4. Nxd4 Nc6 5. Nc3 Qc7 6. g3 a6 7. Bg2 Nf6 8. O-O
Nxd4 9. Qxd4 Bc5 10. Bf4 d6 11. Qd2 e5 12. Bg5 Be6 13. Bxf6 gxf6 14. Nd5 Bxd5
15. exd5 Ke7 16. Qh6 Rag8 17. Bh3 Rg6 18. Qh4 h5 19. Kh1 Qb6 20. f4 Qb4 21.
Rae1 Kf8 22. fxe5 Qxh4 23. gxh4 fxe5 24. Bc8 Ke7 25. Bxb7 Rb8 26. Bxa6 Rxb2 27.
Rb1 Rxb1 28. Rxb1 Rg4 29. Be2 Rxh4 30. c4 f5 31. Kg2 Kf6 32. a4 Kg5 33. Rb7 Rf4
34. Bd3 Rf2+ 35. Kg3 h4+ 36. Kh3 Rf3+ 37. Kg2 Rxd3 38. a5 Rc3 39. a6 Rxc4 40.
h3 Ra4 41. a7 Bxa7 42. Rb1 e4 43. Kh1 f4 44. Rb2 f3 45. Ra2 Rd4 46. Rxa7 e3 47.
Rf7 Rd1+ 48. Kh2 Rd2+ 49. Kh1 e2 50. Re7 Rxd5 51. Kh2 Kf6 52. Re8 Rf5 53. Rg8
f2 54. Rg2 f1=R 55. Rg4 R5f2+ 56. Rg2 Rxg2+ 57. Kxg2 e1=Q 58. Kh2 Qg3# 0-1

[Event "Kieler Open 2019-A"]
[Site "Kiel"]
[Date "2019.07.27"]
[Round "1.32"]
[White "Jurkic, Bosiljko"]
[Black "Freiknecht, Axel"]
[Result "1/2-1/2"]
[WhiteElo "2046"]
[BlackElo "1733"]
[Annotator "HJH"]
[PlyCount "54"]
[EventDate "2019.??.??"]
[WhiteTeam "SC Blauer Turm Bad Wimpfen"]
[BlackTeam "Bahn-SC Wuppertal"]

1. e4 c5 2. Nf3 e6 3. d4 cxd4 4. Nxd4 Nc6 5. Nc3 a6 6. Be2 Qc7 7. O-O Nf6 8.
Be3 Bb4 9. Nxc6 Qxc6 10. e5 Bxc3 11. bxc3 Nd5 12. Bd4 Nxc3 13. Bxc3 Qxc3 14.
Qd6 Qc6 15. Qd3 Qc5 16. Qe4 O-O 17. Bd3 g6 18. Qf4 Rb8 19. h4 Qe7 20. h5 b5 21.
a4 b4 22. Rfe1 Bb7 23. Re3 g5 24. Rg3 h6 25. Rb1 a5 26. c3 Bc6 27. cxb4 axb4
1/2-1/2

[Event "Kieler Open 2019-A"]
[Site "Kiel"]
[Date "2019.07.27"]
[Round "1.33"]
[White "Koch, Ralf-Johannes"]
[Black "Köllner, Aaron Noah"]
[Result "0-1"]
[WhiteElo "1724"]
[BlackElo "2044"]
[Annotator "HJH"]
[PlyCount "48"]
[EventDate "2019.??.??"]
[WhiteTeam "Eckernförder SC"]
[BlackTeam "SG Bochum 1931"]

1. e4 c5 2. b3 b6 3. Nc3 e6 4. Bb2 Bb7 5. Bd3 Nc6 6. Nf3 a6 7. a4 Nge7 8. O-O
Ng6 9. Re1 Bd6 10. Ne2 f6 11. Ng3 h5 12. e5 Ngxe5 13. Nxe5 Nxe5 14. Bxe5 Bxe5
15. Bg6+ Kf8 16. c3 h4 17. Nh5 f5 18. f4 Bd6 19. g4 hxg3 20. Nxg3 Qh4 21. Qe2
Bxf4 22. Qf2 Bxg3 23. Qxg3 Qxg3+ 24. hxg3 Rh6 0-1

[Event "Kieler Open 2019-A"]
[Site "Kiel"]
[Date "2019.07.27"]
[Round "1.34"]
[White "Barten, Ralf"]
[Black "Gehlsen, René"]
[Result "1-0"]
[WhiteElo "2035"]
[BlackElo "1715"]
[Annotator "HJH"]
[PlyCount "56"]
[EventDate "2019.??.??"]
[WhiteTeam "SW Remscheid"]
[BlackTeam "SV VHS Heide"]

1. c4 g6 2. g3 Bg7 3. Bg2 Nf6 4. Nc3 d6 5. e3 O-O 6. Nge2 e5 7. O-O c6 8. d4
Nbd7 9. b3 a6 10. Bb2 Re8 11. Qc2 Nf8 12. Rad1 Qc7 13. Rd2 Bd7 14. Ba3 Rad8 15.
dxe5 dxe5 16. Bd6 Qc8 17. Rfd1 Bf5 18. Qc1 h5 19. Qa3 Ng4 20. Ne4 Bxe4 21. Bxe4
Ne6 22. Bg2 Rd7 23. Nc3 Red8 24. Na4 Rxd6 25. Rxd6 Bf8 26. Rxd8 Nxd8 27. Qb2
Qc7 28. Qd2 Nf6 1-0

[Event "Kieler Open 2019-A"]
[Site "Kiel"]
[Date "2019.07.27"]
[Round "1.35"]
[White "Marcussen, Claus"]
[Black "Callsen, Niklas"]
[Result "0-1"]
[WhiteElo "1712"]
[BlackElo "2033"]
[Annotator "HJH"]
[PlyCount "65"]
[EventDate "2019.??.??"]
[BlackTeam "Flensburger SK von 1876"]

1. f4 e5 2. fxe5 d6 3. exd6 Bxd6 4. Nf3 g5 5. d4 g4 6. Ne5 Bxe5 7. dxe5 Qxd1+
8. Kxd1 Nc6 9. Nc3 Be6 10. Bg5 h6 11. Bh4 Nxe5 12. Nb5 Kd7 13. c3 c5 14. e4 a6
15. Na3 b5 16. b3 Ng6 17. Bf2 Kc6 18. b4 Nf6 19. Bxc5 Nxe4 20. Bd4 Rad8 21. Ke1
Rhe8 22. Be2 Nf4 23. g3 Nxe2 24. Kxe2 Bd5 25. Rhg1 Ng5+ 26. Kd1 Nf3 27. Rf1 Be4
28. Nc2 f5 29. a4 Bxc2+ 30. Kxc2 Re2+ 31. Kd3 Rde8 32. axb5+ axb5 33. Bf2 0-1

[Event "Kieler Open 2019-A"]
[Site "Kiel"]
[Date "2019.07.27"]
[Round "1.36"]
[White "Pick, Stefan"]
[Black "Salwasser, Christian"]
[Result "1-0"]
[WhiteElo "2019"]
[BlackElo "1697"]
[Annotator "HJH"]
[PlyCount "33"]
[EventDate "2019.??.??"]
[WhiteTeam "SK Kerpen 64"]
[BlackTeam "SC Rastatt"]

1. e4 e5 2. Nf3 Nc6 3. Bc4 Bc5 4. b4 Bxb4 5. c3 Bc5 6. O-O Nf6 7. d4 exd4 8.
cxd4 Bb6 9. e5 Ng4 10. h3 Nh6 11. d5 Na5 12. Bg5 f6 13. exf6 gxf6 14. Bxh6 Nxc4
15. Qe2+ Ne5 16. Nxe5 fxe5 17. Qxe5+ 1-0

[Event "Kieler Open 2019-A"]
[Site "Kiel"]
[Date "2019.07.27"]
[Round "1.37"]
[White "Grimm, Ling Leander"]
[Black "Quiring, Nikolai"]
[Result "1-0"]
[WhiteElo "1691"]
[BlackElo "2018"]
[Annotator "HJH"]
[PlyCount "39"]
[EventDate "2019.??.??"]
[WhiteTeam "SK Bebenhausen"]
[BlackTeam "SV VHS Rendsburg"]

1. e4 e6 2. Nf3 d5 3. e5 c5 4. b4 cxb4 5. a3 Nc6 6. d4 a6 7. axb4 Bxb4+ 8. c3
Ba5 9. Bd3 Nge7 10. O-O h6 11. Ba3 b5 12. Qd2 g5 13. Bc5 Bb7 14. Na3 Rc8 15. h3
Nb8 16. Bxb5+ Bc6 17. Bd3 Nd7 18. Bb4 Bb7 19. Bxa5 Qxa5 20. Nb5 1-0

[Event "Kieler Open 2019-A"]
[Site "Kiel"]
[Date "2019.07.27"]
[Round "1.38"]
[White "Meyer, Henrik"]
[Black "Sallandt, Frido"]
[Result "1-0"]
[WhiteElo "2007"]
[BlackElo "1680"]
[Annotator "HJH"]
[PlyCount "45"]
[EventDate "2019.??.??"]
[WhiteTeam "TuRa Harksheide"]
[BlackTeam "SV Bad Schwartau"]

1. e4 e6 2. d4 d5 3. Nc3 Nf6 4. e5 Nfd7 5. f4 c5 6. Nf3 Nc6 7. Ne2 Qb6 8. c3
Be7 9. a3 c4 10. Ng3 Na5 11. Nd2 Nb8 12. Rb1 Qc7 13. Be2 Bd7 14. O-O Na6 15. f5
O-O-O 16. Qe1 Bg5 17. Nxc4 Bxc1 18. Nd6+ Kb8 19. Rxc1 Bc8 20. b4 Nc4 21. Bxc4
dxc4 22. b5 Rxd6 23. exd6 1-0

[Event "Kieler Open 2019-A"]
[Site "Kiel"]
[Date "2019.07.27"]
[Round "1.39"]
[White "Röhr, Susanne"]
[Black "Bernhardt, Gerd"]
[Result "0-1"]
[WhiteElo "1677"]
[BlackElo "2005"]
[Annotator "HJH"]
[PlyCount "82"]
[EventDate "2019.??.??"]
[WhiteTeam "Potsdamer SV Mitte"]
[BlackTeam "Eckernförder SC"]

1. d4 Nf6 2. c4 e6 3. Nf3 b6 4. Bg5 Bb7 5. Nbd2 Be7 6. Qc2 h6 7. Bh4 d6 8. e4
g5 9. Bg3 g4 10. Ng1 Nh5 11. d5 Qd7 12. Be2 Nxg3 13. hxg3 exd5 14. exd5 Na6 15.
f3 O-O-O 16. O-O-O Kb8 17. a3 f5 18. Bd3 Bc8 19. Nb3 Bg5+ 20. f4 Bf6 21. Ne2
Nc5 22. Nbd4 Nxd3+ 23. Rxd3 Bb7 24. Kb1 Rde8 25. Ne6 Rxe6 26. dxe6 Qxe6 27. Ka2
Bxg2 28. Rc1 Be4 29. Re3 Qf7 30. Qd2 Qg7 31. Rb3 Re8 32. Nc3 Bf3 33. Re1 Rxe1
34. Qxe1 Qf7 35. Qf1 Qe6 36. Qd3 a5 37. Rb5 Bxc3 38. Qxc3 Bc6 39. Qh8+ Kb7 40.
Rb3 Qxc4 41. Qc3 Bd5 0-1

[Event "Kieler Open 2019-A"]
[Site "Kiel"]
[Date "2019.07.27"]
[Round "1.40"]
[White "Großelohmann, Gerhard"]
[Black "Samuelson, Bernd"]
[Result "1-0"]
[WhiteElo "1999"]
[BlackElo "1665"]
[Annotator "HJH"]
[PlyCount "111"]
[EventDate "2019.??.??"]
[WhiteTeam "Königsspr Braunschweig"]
[BlackTeam "VSF Flintbek"]

1. d4 Nf6 2. c4 e6 3. g3 Bb4+ 4. Bd2 Be7 5. Bg2 d5 6. Nc3 c6 7. Nf3 O-O 8. O-O
Nbd7 9. Qc2 Rb8 10. Bf4 Ra8 11. Rfd1 Re8 12. b3 Nf8 13. e4 dxe4 14. Nxe4 Nxe4
15. Qxe4 Ng6 16. Be3 Qc7 17. Rac1 Qa5 18. Qc2 Bd7 19. Nd2 Rac8 20. c5 Rcd8 21.
h4 Bf8 22. h5 Ne7 23. Nc4 Qc7 24. Nd6 Nd5 25. Nxe8 Rxe8 26. Qd2 h6 27. b4 a6
28. a3 Qd8 29. Bf4 Qf6 30. Be4 Nxf4 31. Qxf4 Qd8 32. Rc2 Be7 33. Re2 Bg5 34.
Qf3 Qc8 35. Qc3 Bf6 36. Bc2 Qc7 37. Qd3 Kf8 38. Kg2 Rd8 39. Qe4 Bc8 40. Bb3 Qd7
41. Red2 Qe7 42. Rd3 Re8 43. Rf3 Qd8 44. Bc4 Qe7 45. a4 Qc7 46. Qh7 Qd8 47. Qe4
Bd7 48. Rb3 Qc8 49. b5 axb5 50. axb5 Qa8 51. Kg1 Qa4 52. Qd3 Qa8 53. bxc6 Bxc6
54. Bb5 Qc8 55. Bxc6 Qxc6 56. Qf3 1-0

[Event "Kieler Open 2019-A"]
[Site "Kiel"]
[Date "2019.07.27"]
[Round "1.41"]
[White "Hoppe, Marc"]
[Black "Berenstein, Alexander"]
[Result "1/2-1/2"]
[WhiteElo "1644"]
[BlackElo "1972"]
[Annotator "HJH"]
[PlyCount "40"]
[EventDate "2019.??.??"]
[WhiteTeam "SF Olfen 1975"]
[BlackTeam "SV VHS Rendsburg"]

1. c4 Nf6 2. g3 g6 3. Bg2 Bg7 4. Nc3 c6 5. d4 d6 6. e4 Nbd7 7. Nge2 Qc7 8. O-O
O-O 9. Bf4 a6 10. Rc1 e5 11. dxe5 dxe5 12. Be3 Ng4 13. Qd2 Nxe3 14. Qxe3 Nf6
15. Rfd1 Be6 16. b3 Ng4 17. Qd3 Qb6 18. Rf1 Rad8 19. Qc2 Bh6 20. Rcd1 Rxd1 {
nach 70 Zügen remis} 1/2-1/2

[Event "Kieler Open 2019-A"]
[Site "Kiel"]
[Date "2019.07.27"]
[Round "1.42"]
[White "Probst, Alexander"]
[Black "Rommeck, Christiane"]
[Result "1-0"]
[WhiteElo "1969"]
[BlackElo "1567"]
[Annotator "HJH"]
[PlyCount "55"]
[EventDate "2019.??.??"]
[WhiteTeam "SC Blauer Turm Bad Wimpfen"]
[BlackTeam "VSF Flintbek"]

1. e4 d5 2. exd5 Qxd5 3. Nc3 Qd6 4. d4 Nf6 5. Bc4 a6 6. Nge2 Bf5 7. Bb3 e6 8.
Bf4 Qc6 9. d5 Qd7 10. dxe6 Bxe6 11. Qxd7+ Bxd7 12. Bxc7 Nc6 13. O-O Be7 14.
Rfe1 O-O 15. Rad1 Rac8 16. Bd6 Rfe8 17. Bxe7 Rxe7 18. Nf4 Rxe1+ 19. Rxe1 Nd4
20. Nfd5 Nxd5 21. Bxd5 Kf8 22. Rd1 Nc6 23. f3 Rc7 24. Be4 f5 25. Nd5 Rc8 26.
Nb6 Rd8 27. Bxc6 bxc6 28. Rxd7 1-0

[Event "Kieler Open 2019-A"]
[Site "Kiel"]
[Date "2019.07.27"]
[Round "1.43"]
[White "Tran, Minh Dat"]
[Black "Ruhland, Cliff"]
[Result "0-1"]
[WhiteElo "1559"]
[BlackElo "1965"]
[Annotator "HJH"]
[PlyCount "54"]
[EventDate "2019.??.??"]
[WhiteTeam "SC Agon Neumünster"]
[BlackTeam "Itzehoer SV von 1923"]

1. c4 Nf6 2. Nc3 g6 3. g3 Bg7 4. Bg2 O-O 5. e4 c5 6. Nge2 Nc6 7. O-O d6 8. d3 a6
9. f4 Rb8 10. a4 Bd7 11. Nd5 b5 12. axb5 axb5 13. Nec3 bxc4 14. dxc4 Nd4 15.
Rb1 Nb3 16. Bd2 Nxd5 17. Nxd5 Bg4 18. Bf3 Bxf3 19. Rxf3 Nxd2 20. Qxd2 e6 21.
Ne3 Rb3 22. Kg2 Qa8 23. Qc2 Rfb8 24. Nd1 Qa2 25. Rxb3 Rxb3 26. g4 Rb4 27. Ne3
Bd4 0-1

[Event "Kieler Open 2019-A"]
[Site "Kiel"]
[Date "2019.07.27"]
[Round "1.44"]
[White "Mieck, Jale"]
[Black "Stegert, Jonas"]
[Result "1-0"]
[WhiteElo "1964"]
[BlackElo "1495"]
[Annotator "HJH"]
[PlyCount "81"]
[EventDate "2019.??.??"]
[BlackTeam "SC Agon Neumünster"]

1. e4 e5 2. Nf3 Nf6 3. d4 exd4 4. e5 Nd5 5. Qxd4 Nb6 6. Bd3 Nc6 7. Qe4 Be7 8. c3
d6 9. exd6 Qxd6 10. Bf4 Qd8 11. O-O Be6 12. Rd1 Bd5 13. Qe2 Qd7 14. Ne5 Nxe5
15. Bxe5 O-O-O 16. a4 Bc4 17. Bd4 Bxd3 18. Rxd3 c5 19. Re3 Bg5 20. Re5 cxd4 21.
Rxg5 d3 22. Qd1 Qe7 23. Rxg7 Rhe8 24. Nd2 Qf6 25. Rg3 Re2 26. Rf3 Qg5 27. Nf1
Qd5 28. Ne3 Qe4 29. b3 Rg8 30. Kf1 Nd7 31. Nc4 Qh4 32. Qxd3 Re6 33. Rxf7 Rd8
34. Rxh7 Qf4 35. Rd1 Rf6 36. Qd4 Qf5 37. Rh3 Rdf8 38. Rf3 Qh7 39. Rxf6 Rxf6 40.
Ne5 Rxf2+ 41. Kxf2 1-0

[Event "Kieler Open 2019-A"]
[Site "Kiel"]
[Date "2019.07.27"]
[Round "2.1"]
[White "Carlstedt, Jonathan"]
[Black "Rieper, Julian"]
[Result "1/2-1/2"]
[WhiteElo "2408"]
[BlackElo "2062"]
[Annotator "HJH"]
[PlyCount "155"]
[EventDate "2019.??.??"]
[WhiteTeam "Hamburger SK von 1830 eV"]
[BlackTeam "SK Doppelbauer Kiel"]

1. d4 Nf6 2. Bf4 d5 3. e3 e6 4. Nf3 Be7 5. h4 Nbd7 6. Bd3 c5 7. c3 b6 8. Nbd2
Bb7 9. Ne5 a6 10. Qf3 Rc8 11. g4 Nxe5 12. Bxe5 Bd6 13. Bxd6 Qxd6 14. g5 Nd7 15.
h5 e5 16. g6 hxg6 17. hxg6 Rxh1+ 18. Qxh1 fxg6 19. dxe5 Nxe5 20. Bc2 Rc7 21.
O-O-O Qf6 22. f4 Nd7 23. Nf3 Nf8 24. Ne5 Re7 25. c4 d4 26. Be4 Bc8 27. Qh8 g5
28. Bg6+ Kd8 29. Nc6+ Kc7 30. Nxe7 Qxe7 31. Bd3 dxe3 32. f5 Nd7 33. Re1 g4 34.
Qh2+ Qd6 35. Qxd6+ Kxd6 36. Rxe3 Ne5 37. Bc2 Nxc4 38. Re8 Bd7 39. Rb8 g3 40.
Rg8 Ne3 41. Rxg7 Bxf5 42. Bd1 g2 43. Bf3 Ke5 44. Bxg2 Nxg2 45. Rxg2 b5 46. Rg7
Bd3 47. Kd2 Bf1 48. Rg5+ Kd4 49. Rf5 Bc4 50. b3 Be6 51. Rf4+ Kd5 52. Rf8 Kc6
53. Rf6 Kd6 54. Kd3 a5 55. Rh6 a4 56. bxa4 bxa4 57. Kc3 Ke5 58. Rh5+ Kd6 59.
Kb2 Bd7 60. Rh6+ Kd5 61. Rh7 Be8 62. Kc3 Bb5 63. Rh6 Be2 64. Rb6 Bc4 65. Rb2
Ba6 66. Rb8 Kc6 67. Kb2 Be2 68. Rc8+ Kb6 69. Re8 Bc4 70. Ka3 Bb5 71. Rc8 Bd7
72. Rh8 Bb5 73. Rh6+ Bc6 74. Kb2 Kb5 75. Kc3 Bd5 76. Rh2 a3 77. Rc2 Bc4 78. Rf2
1/2-1/2

[Event "Kieler Open 2019-A"]
[Site "Kiel"]
[Date "2019.07.27"]
[Round "2.2"]
[White "Wanner, Lukas"]
[Black "Legky, Nikolay A"]
[Result "0-1"]
[WhiteElo "2085"]
[BlackElo "2397"]
[Annotator "HJH"]
[PlyCount "66"]
[EventDate "2019.??.??"]
[WhiteTeam "SK Doppelbauer Kiel"]

1. c4 b6 2. Nc3 Bb7 3. e4 e6 4. g3 c5 5. Bg2 Nf6 6. Nge2 d6 7. O-O Nbd7 8. f4
a6 9. d3 Qc7 10. h3 h5 11. b3 g6 12. Bb2 Bg7 13. Rc1 O-O 14. Qd2 Rad8 15. Bf3
Nh7 16. g4 hxg4 17. hxg4 g5 18. fxg5 Ne5 19. Rce1 Qe7 20. Bc1 f6 21. Ng3 fxg5
22. Be2 Ng6 23. Nh5 Bd4+ 24. Kh2 Nf4 25. Nd1 Nxh5 26. gxh5 g4 27. Kg2 Qh4 28.
Ne3 Qh3+ 29. Kg1 Bxe3+ 30. Qxe3 g3 31. Rxf8+ Rxf8 32. Bf3 Qh2+ 33. Kf1 g2+ 0-1

[Event "Kieler Open 2019-A"]
[Site "Kiel"]
[Date "2019.07.27"]
[Round "2.3"]
[White "Lanka, Zigurds"]
[Black "Barten, Ralf"]
[Result "1-0"]
[WhiteElo "2395"]
[BlackElo "2035"]
[Annotator "HJH"]
[PlyCount "75"]
[EventDate "2019.??.??"]
[WhiteTeam "SC Viernheim 1934"]
[BlackTeam "SW Remscheid"]

1. e4 c5 2. Nf3 e6 3. d4 cxd4 4. Nxd4 a6 5. Nc3 Qc7 6. Bd3 Nf6 7. f4 d6 8. Qf3
Be7 9. g4 e5 10. Nf5 Bxf5 11. exf5 Qc6 12. Qxc6+ bxc6 13. Be2 Nd5 14. Nxd5 cxd5
15. O-O Nc6 16. c3 Bd8 17. Be3 d4 18. Bf3 Rc8 19. cxd4 Bb6 20. Rac1 Kd7 21.
Bxc6+ Rxc6 22. Rxc6 Kxc6 23. d5+ Kb7 24. Bxb6 Kxb6 25. Rc1 Rd8 26. Kf2 f6 27.
Kf3 Kb7 28. Rc6 Rd7 29. h4 h6 30. b3 Rd8 31. g5 exf4 32. g6 Rd7 33. Kxf4 Rd8
34. Ke4 Rd7 35. Kd4 h5 36. a3 Rd8 37. Kc4 Rd7 38. Kb4 1-0

[Event "Kieler Open 2019-A"]
[Site "Kiel"]
[Date "2019.07.27"]
[Round "2.4"]
[White "Dittmann, Hans-Adolf"]
[Black "Simantsev, Mikhail"]
[Result "0-1"]
[WhiteElo "2068"]
[BlackElo "2346"]
[Annotator "HJH"]
[PlyCount "74"]
[EventDate "2019.??.??"]
[WhiteTeam "Preetzer TSV"]

1. e4 c5 2. Nf3 e6 3. d4 cxd4 4. Nxd4 Nc6 5. g3 Qc7 6. Bg2 d6 7. O-O Bd7 8. Nc3
a6 9. Re1 Be7 10. h4 Nf6 11. Nxc6 Bxc6 12. a4 b6 13. Be3 O-O 14. Qe2 Rfe8 15.
Qc4 Qb7 16. Qb3 b5 17. axb5 axb5 18. f3 Nd7 19. Bf1 b4 20. Ne2 d5 21. c3 dxe4
22. f4 Nb6 23. Nd4 Ba4 24. Rxa4 Nxa4 25. Bb5 Nc5 26. Qd1 Rec8 27. cxb4 Nd3 28.
Bxd3 exd3 29. Qxd3 Qxb4 30. Nf3 Qxb2 31. Re2 Qc3 32. Qe4 Qc4 33. Bf2 Ra1+ 34.
Kg2 Qxe4 35. Rxe4 Ra2 36. Nd4 Rc4 37. Re5 Rxd4 0-1

[Event "Kieler Open 2019-A"]
[Site "Kiel"]
[Date "2019.07.27"]
[Round "2.5"]
[White "Köllner, Ruben Gideon"]
[Black "Pick, Stefan"]
[Result "1-0"]
[WhiteElo "2315"]
[BlackElo "2019"]
[Annotator "PS"]
[PlyCount "135"]
[EventDate "2019.??.??"]
[WhiteTeam "SG Bochum 1931"]
[BlackTeam "SK Kerpen 64"]

1. d4 Nf6 2. Bg5 Ne4 3. Bf4 c5 4. f3 Nf6 5. dxc5 Qa5+ 6. Nc3 Qxc5 7. e4 d6 8.
Qd2 e5 9. Bg5 Be7 10. O-O-O Nbd7 11. Nb5 a6 12. Nxd6+ Bxd6 13. Qxd6 Qxd6 14.
Rxd6 Ke7 15. Rd2 b5 16. Ne2 Nb6 17. Nc3 Be6 18. Be3 Nfd7 19. a3 Rhc8 20. Be2
Nc4 21. Bxc4 Rxc4 22. Rhd1 Rac8 23. Kb1 R8c7 24. Bf2 f6 25. Nd5+ Bxd5 26. Rxd5
Nf8 27. Bb6 R7c6 28. Bd8+ Ke8 29. c3 Ne6 30. Ba5 Nc5 31. Rd8+ Kf7 32. Bb4 Kg6
33. R8d6 Nb7 34. Rxc6 Rxc6 35. Rd7 Nc5 36. Bxc5 Rxc5 37. Kc2 Rc6 38. Kb3 h5 39.
h4 Kh6 40. Kb4 g5 41. hxg5+ Kxg5 42. Rh7 Rd6 43. Ka5 Rd2 44. b4 Ra2 45. Kxa6
Rxa3+ 46. Kxb5 Rxc3 47. Ka6 Ra3+ 48. Kb6 Ra2 49. b5 Kg6 50. Rh8 Kg7 51. Rxh5
Rxg2 52. Kc7 Rc2+ 53. Kb7 Rc3 54. Rh2 Rxf3 55. Rb2 f5 56. exf5 Kf6 57. b6 Kxf5
58. Kc6 Rc3+ 59. Kd7 Rd3+ 60. Ke7 Rh3 61. b7 Rh8 62. b8=Q Rxb8 63. Rxb8 Kf4 64.
Kd6 e4 65. Kd5 e3 66. Kd4 e2 67. Re8 Kf3 68. Kd3 1-0

[Event "Kieler Open 2019-A"]
[Site "Kiel"]
[Date "2019.07.27"]
[Round "2.6"]
[White "Hartwig, Frank"]
[Black "Arndt, Magnus"]
[Result "1-0"]
[WhiteElo "2059"]
[BlackElo "2313"]
[Annotator "HJH"]
[PlyCount "79"]
[EventDate "2019.??.??"]
[WhiteTeam "SC Schönberg"]
[BlackTeam "SK Doppelbauer Kiel"]

1. e4 e5 2. Nf3 Nc6 3. Bb5 a6 4. Bxc6 dxc6 5. d4 exd4 6. Qxd4 Qxd4 7. Nxd4 Bd7
8. Nc3 O-O-O 9. Nde2 Bc5 10. f3 Ne7 11. Bf4 f6 12. O-O-O Ng6 13. Bg3 Be6 14.
Rxd8+ Rxd8 15. Rd1 Be3+ 16. Kb1 b5 17. Rxd8+ Kxd8 18. Nd1 Bb6 19. Nf4 Nxf4 20.
Bxf4 Bg1 21. h3 Bc4 22. Be3 Bh2 23. Nf2 Bf1 24. g4 g5 25. Kc1 Be2 26. f4 gxf4
27. Bd4 Ke7 28. e5 fxe5 29. Bxe5 Bg1 30. Kd2 f3 31. Ke1 Kd7 32. b3 c5 33. h4 c6
34. h5 Ke6 35. Bc7 Kf6 36. Bd8+ Ke5 37. Bc7+ Kd4 38. g5 Ke3 39. Bg3 Kd4 40. g6
1-0

[Event "Kieler Open 2019-A"]
[Site "Kiel"]
[Date "2019.07.27"]
[Round "2.7"]
[White "Braun, Georg"]
[Black "Meyer, Henrik"]
[Result "1-0"]
[WhiteElo "2307"]
[BlackElo "2007"]
[Annotator "HJH"]
[PlyCount "95"]
[EventDate "2019.??.??"]
[WhiteTeam "SK Bebenhausen"]
[BlackTeam "TuRa Harksheide"]

1. e4 g6 2. d4 Bg7 3. Nc3 c6 4. Nf3 d6 5. a4 Nf6 6. Be2 O-O 7. O-O Bg4 8. Be3
Nbd7 9. h3 Bxf3 10. Bxf3 e5 11. Re1 Qe7 12. Be2 a6 13. a5 Rad8 14. Ra4 exd4 15.
Rxd4 Nc5 16. Bf3 Ne6 17. Rd2 Nd7 18. Bg4 Ne5 19. Be2 g5 20. Bf1 Kh8 21. Bb6 Rd7
22. Re3 Ng6 23. Red3 Be5 24. Ne2 Ngf4 25. Nxf4 Nxf4 26. Rb3 Ne6 27. Bc4 Qf6 28.
Rf3 Qg7 29. c3 Re7 30. Rf5 Rg8 31. Be3 Bf4 32. Rxd6 Bxe3 33. fxe3 g4 34. Qxg4
Qxg4 35. hxg4 Rxg4 36. Rxf7 Rxf7 37. Bxe6 Rg6 38. Rd8+ Kg7 39. Bxf7 Kxf7 40.
Rd7+ Ke6 41. Rxb7 Rg5 42. b4 Ke5 43. Rc7 Kd6 44. Rxh7 Rg4 45. Kf2 Rxe4 46. Ke2
Rg4 47. Ra7 Rxg2+ 48. Kd3 1-0